LEADER 01282nam a2200277 4500 001 000000350623 003 CaOOAMICUS 005 20230320161431.0 008 220622s2005 it a 000 u ita r 020 $a88-8314-326-4 040 $aSeMil$bita 100 1 $aCurzel, Emanuele,$d<1967- >.$0(OLS)http://semarc/name/35636 245 10$aChiese trentine :$bricerche storiche su territori, persone e istituzioni /$cEmanuele Curzel. 264 1$aVerona :$bCierre,$c2005. 300 $a532 p. ;$c21 cm 490 1 $aBiblioteca dei quaderni di storia religiosa ;$v4. 650 4$aTrentino-Alto Adige - Pievi.$0(OLS)http://semarc/subject/53623 650 4$aTrentino-Alto Adige - Storia religiosa.$0(OLS)http://semarc/subject/52555 830 0$aBiblioteca dei quaderni di storia religiosa ;$v4.$0(OLS)http://semarc/title/440420 850 $aSeMil 852 $aSeMil$W1$xVenegono$y1$m3B II 84$j234107$B241632$CSeMilBibl$Z2$F241632 $81 961 $aPerego don Stefano - Omaggio 996 $6020$a88-8314-326-4$9(OLS)http://semarc/number/296119 996 $6245$aChiese trentine :$bricerche storiche su territori, persone e istituzioni$9(OLS)http://semarc/title/440418 996 $6264$aVerona :$bCierre$9(OLS)http://semarc/publisher/35408 LEADER 01806nam a2200265 i 4500 001 000000053470 003 CaOOAMICUS 005 20210524095605.0 008 130724s1640 it u000 u lat u 013 $a24642 026 $aisu- 0.9. s,a- deD. (3) 1640 (R) 040 $aSeMil$bita 110 2 $aChiesa Cattolica : Tribunale della Rota Romana.$0(OLS)http://semarc/name/1879 245 10$aSacrae Rotae Romanae Decisiones diversorum auditorum maxime ab anno 1631. usque ad annum 1634. A Paulo Rubeo i.c. Romano secundo loco selectae, & nunquam alias impressae. ... Cum argumentis, summarijs, & indicibus locupletissimis. 300 $a[32], 930, [2] p. 500 $aSegn.: a4 b8 c4 A-3K6 3L8 3M6 3N8 3O2 3P-4H6 4I4 500 $aMarca editoriale: Leone rampante che sorregge una fiaccola accesa. (O1139) In fine. 500 $aFront. stampato in rosso e nero 650 4$aTribunali ecclesiastici.$0(OLS)http://semarc/subject/818 700 1 $aRossi, Paolo,$d.$0(OLS)http://semarc/name/6508 773 0 $aChiesa Cattolica : Tribunale della Rota Romana$tSacrae Rotae Romanae Decisionum recentiorum pars tertia [-partis 19. tomus 2.] olim a Prospero Farinaccio ... posthumum aeditarum. Nunc vero ... a Paulo Rubeo factarum ... Index materiarum ex duplici unicus est confectus, et longe copiosior ..$dRomae : Ex Typographia Reuerendae Camerae Apostolicae, 1640-1703.$g6$w()13669 850 $aSeMil 852 $aSeMil$W1$xVenegono$y1$m2H VI 6 FA$j19624$B19624$CSeMilBibl$Z2$F19626 $8I 996 $6245$aSacrae Rotae Romanae Decisiones diversorum auditorum maxime ab anno 1631. usque ad annum 1634. A Paulo Rubeo i.c. Romano secundo loco selectae, & nunquam alias impressae. ... Cum argumentis, summarijs, & indicibus locupletissimis$9(OLS)http://semarc/title/82377